000
00505nam a2200133Ia 4500
008
100328s9999 xx 000 0 und d
082
_b
60229
100
_a
जोशी प्रभाकर रघुनाथ
245
_a
भारताचा आर्थिक ताळेबंद.
260
_b
गं्रथाली.
630
_a
भारताचा आर्थिक ताळेबंद.
730
_a
भारताचा आर्थिक ताळेबंद.
942
_c
BOOK
999
_c
546391
_d
546388